|
|
|
|
| LEADER |
00000nab a2200000 ar4500 |
| 001 |
vtls008984932 |
| 003 |
SK-MaSNL |
| 005 |
20260303065413.0 |
| 008 |
070427c20060323xo mr|p|||||||000 b|slo |
| 038 |
|
|
|a SNSK
|
| 040 |
|
|
|b slo
|c SNSK
|e AACR2
|
| 041 |
|
|
|a slo
|
| 044 |
|
|
|a xo
|c SK
|
| 080 |
|
|
|a 553.495
|x (437.6)
|2 2001
|
| 245 |
0 |
0 |
|a M.Tréger: Ložiská uránu by sme nemali dávať zahraničným firmám
|b rozhovor. Odborník na prieskum a oceňovanie ložísk nerastných surovín hovorí o zamýšľanej ťažbe
|c [autor](top)
|
| 300 |
|
|
|b Fotogr.
|
| 650 |
0 |
7 |
|a ťažba uránu
|x environmentálne aspekty
|2 snsk
|9 1034669
|
| 651 |
|
7 |
|a Spišská Nová Ves (Slovensko)
|2 snsk
|9 28800
|
| 700 |
1 |
|
|a Tréger, Milan,
|d 1940-
|4 ive
|4 aut
|9 151917
|
| 773 |
0 |
|
|t Spišský denník Korzár
|g Roč. VIII., č. 69 (23.3.2006), s. 5
|x 1335-759X
|
| 852 |
|
|
|a SNSK
|b KIS3GCP
|
| 999 |
|
|
|c 1751065
|d 1752995
|